The Big Quiz Stats

 Plays Quiz Updated Feb 15, 2019

Score 0/21 Timer 06:00
3 Plays Today
Hint 'Big' Things % Correct
New York City's nicknameBig Apple
98.1%
Two all beef patties, special sauce, lettuce, cheese, pickles, onions on a sesame seed bunBig Mac
97.4%
Wrigley's cinnamon flavored chewing gumBig Red
82.6%
Show about 4 socially awkward geniuses and a girl named PennyThe Big Bang Theory
79.4%
Ladle-shaped asterism that is part of the Ursa Major constellationBig Dipper
76.6%
Slang for an important or influential personBig Shot
76.4%
2007 Fergie or 1962 Frankie Valli & the Four Seasons song about not shedding tearsBig Girls Don't Cry
70.2%
The largest tent in a circusBig Top
70%
A toddler's chopper with a large front plastic tireBig Wheel
67.8%
Children's colossal crimson canineClifford the Big Red Dog
67.4%
Athletic conference for Oklahoma State and Texas TechBig 12 Conference
54.5%
Hint 'Big' Things % Correct
Retail chain mainly selling closeout and overstock merchandiseBig Lots
52.1%
1984's Orwellian leaderBig Brother
50.8%
One of Montana's nicknamesBig Sky Country
44.1%
TV show about a fundamentalist Mormon family that practices polygamyBig Love
43.9%
Term for the best surfer on the beach (coined by the 1959 film Gidget)Big Kahuna
43.4%
Region of the central California coast where the Santa Lucia Mountains rise abruptly from the Pacific CoastBig Sur
41.7%
Nickname for the 420mm howitzer used by German soldiers in WWIBig Bertha
33.9%
Hit song by Joni Mitchell, later covered by Counting CrowsBig Yellow Taxi
29.4%
Nickelodeon series featuring an upstart boy band of the same nameBig Time Rush
22.2%
Harry McClintock's idea of paradise where 'the lemonade springs and the bluebird sings' Big Rock Candy Mountain
17.9%

You're not logged in!

Compare scores with friends on all Sporcle quizzes.
OR
Log In

Show Comments

Extras

Top Quizzes Today


Score Distribution

Your Account Isn't Verified!

In order to create a playlist on Sporcle, you need to verify the email address you used during registration. Go to your Sporcle Settings to finish the process.

Report this User

Report this user for behavior that violates our Community Guidelines.

Details: